[Event "RF-2022-0-00523"]
[Site "LSS email"]
[Date "2022.09.17"]
[Round "?"]
[White "Zmolil, Karel"]
[Black "Rocek, Vladimir"]
[Result "1-0"]
[WhiteElo "1029"]
[BlackElo "1074"]
[PlyCount "79"]
[EventDate "2022.05.24"]
[EventType "tourn (corr)"]
[EventRounds "6"]
[EventCountry "GER"]
[SourceTitle "Corr 2024"]
[Source "ChessBase"]
[SourceDate "2023.10.19"]
[SourceVersion "1"]
[SourceVersionDate "2023.10.19"]
[SourceQuality "1"]

1. e4 e6 2. d4 d5 3. exd5 exd5 4. Bd3 Nf6 5. Bg5 Bd6 6. h3 0-0 7. Qf3 Re8+ 8. Ne2 Be6 9. 0-0 Nbd7 10. Nf4 h6 11. Nxe6 fxe6 12. Be3 e5 13. Qf5 e4 14. Be2 c5 15. Bh5 Rf8 16. Nc3 Kh8 17. Bg6 cxd4 18. Bxd4 Nb6 19. h4 Nc4 20. Nb5 Bb8 21. b3 Nd6 22. Nxd6 Qxd6 23. g3 Ng8 24. Qg4 Nf6 25. Qh3 Ng8 26. Bh5 Nf6 27. Be2 Bc7 28. Rad1 Bb6 29. Bxb6 Qxb6 30. g4 Qe6 31. Kg2 Rac8 32. c4 Qe5 33. Qg3 Qb2 34. Rfe1 d4 35. g5 hxg5 36. hxg5 Nh7 37. g6 Nf6 38. Qh3+ Kg8 39. Qe6+ Kh8 40. Rh1+ 1-0

[Event "RF-2022-0-00518"]
[Site "LSS email"]
[Date "2022.02.28"]
[Round "?"]
[White "Rocek, Vladimir"]
[Black "Bieszk, Stanislaw"]
[Result "1/2-1/2"]
[WhiteElo "1050"]
[BlackElo "1027"]
[PlyCount "105"]
[EventDate "2021.04.30"]
[EventType "tourn (corr)"]
[EventRounds "6"]
[EventCountry "GER"]
[SourceTitle "Corr 2024"]
[Source "ChessBase"]
[SourceDate "2023.10.19"]
[SourceVersion "1"]
[SourceVersionDate "2023.10.19"]
[SourceQuality "1"]

1. e4 c5 2. g3 g6 3. Bg2 Bg7 4. Nc3 Nc6 5. Nd5 e6 6. Nf4 Nge7 7. c3 0-0 8. Nge2 d5 9. exd5 Nxd5 10. 0-0 Nxf4 11. Nxf4 Qc7 12. d3 Rd8 13. Qc2 Ne5 14. Rd1 Bd7 15. Be3 Bc6 16. Qe2 Bxg2 17. Kxg2 b6 18. Rac1 Rac8 19. d4 Nd7 20. dxc5 Nxc5 21. Bxc5 Qxc5 22. Rxd8+ Rxd8 23. Qf3 Rd6 24. Nh3 Bh6 25. Rd1 Rxd1 26. Qxd1 Qd5+ 27. Qxd5 exd5 28. f4 Bg7 29. Ng5 d4 30. cxd4 Bxd4 31. b3 h6 32. Nf3 Bc5 33. Ne5 Kg7 34. Kf3 f6 35. Nd3 Bg1 36. Kg2 Bd4 37. g4 Kf7 38. Kf3 Ke6 39. Ke4 Bg1 40. h3 f5+ 41. Kf3 fxg4+ 42. hxg4 Kd5 43. f5 gxf5 44. gxf5 Bd4 45. Kf4 b5 46. Nb4+ Kc5 47. Nc2 Bc3 48. Kg4 a5 49. Kh5 a4 50. Kxh6 Kd5 51. Kg6 Ke4 52. f6 Bxf6 53. Kxf6 1/2-1/2

[Event "RF-2022-0-00518"]
[Site "LSS email"]
[Date "2022.02.28"]
[Round "?"]
[White "Rocek, Vladimir"]
[Black "Zmolil, Karel"]
[Result "0-1"]
[WhiteElo "1050"]
[BlackElo "1009"]
[PlyCount "110"]
[EventDate "2021.04.30"]
[EventType "tourn (corr)"]
[EventRounds "6"]
[EventCountry "GER"]
[SourceTitle "Corr 2024"]
[Source "ChessBase"]
[SourceDate "2023.10.19"]
[SourceVersion "1"]
[SourceVersionDate "2023.10.19"]
[SourceQuality "1"]

1. e4 e5 2. Nf3 Nc6 3. Bc4 h6 4. d4 exd4 5. Nxd4 d6 6. 0-0 Bd7 7. f4 Na5 8. Bd3 Nc6 9. Nf3 g6 10. a3 Bg7 11. f5 g5 12. c3 Qe7 13. b4 Ne5 14. Nxe5 Qxe5 15. a4 Nf6 16. Qb3 0-0 17. Nd2 Qe7 18. Ba3 Ng4 19. Rf3 Ne5 20. Rg3 Nxd3 21. Rxd3 Rae8 22. Rf1 Be5 23. Nf3 Bf4 24. Re1 g4 25. g3 Be5 26. Nxe5 Qxe5 27. Rd5 Qf6 28. Bb2 Qd8 29. c4 Bc6 30. Rd4 Qg5 31. Bc1 Qh5 32. Qe3 Kh7 33. b5 Bd7 34. Qd3 Bxf5 35. Rd5 Rxe4 36. Rxe4 Re8 37. Rxf5 Qxf5 38. Rd4 Qxd3 39. Rxd3 Re1+ 40. Kf2 Rxc1 41. Rd4 f5 42. Ke2 Rc2+ 43. Ke3 Rxh2 44. Rd5 Kg6 45. c5 Rg2 46. cxd6 Rxg3+ 47. Kf2 Rf3+ 48. Kg2 cxd6 49. Rxd6+ Kg5 50. Rd7 Ra3 51. Rxb7 Rxa4 52. Rb8 Kh4 53. Rf8 f4 54. Ra8 Rb4 55. Rxa7 Rxb5 0-1

[Event "RF-2022-0-00518"]
[Site "LSS email"]
[Date "2022.02.28"]
[Round "?"]
[White "Shim Ng Min, Francis"]
[Black "Rocek, Vladimir"]
[Result "1-0"]
[WhiteElo "1062"]
[BlackElo "1050"]
[PlyCount "43"]
[EventDate "2021.04.30"]
[EventType "tourn (corr)"]
[EventRounds "6"]
[EventCountry "GER"]
[SourceTitle "Corr 2024"]
[Source "ChessBase"]
[SourceDate "2023.10.19"]
[SourceVersion "1"]
[SourceVersionDate "2023.10.19"]
[SourceQuality "1"]

1. e4 e6 2. d4 d5 3. Nc3 dxe4 4. Nxe4 Nf6 5. Bd3 Nc6 6. c3 Nxe4 7. Bxe4 Bd7 8. Nf3 Be7 9. 0-0 0-0 10. Ne5 Nxe5 11. dxe5 Rb8 12. Be3 b6 13. Qd3 h6 14. Rad1 Be8 15. Qe2 Qc8 16. Qg4 f5 17. exf6 Bxf6 18. Bxh6 b5 19. Be3 c5 20. Qh3 Kf7 21. Qh5+ Kg8 22. Bh7+ 1-0

[Event "RF-2021-0-00515"]
[Site "LSS email"]
[Date "2021.06.01"]
[Round "?"]
[White "Rocek, Vladimir"]
[Black "Slavin, Pablo"]
[Result "0-1"]
[WhiteElo "1064"]
[BlackElo "1185"]
[PlyCount "48"]
[EventDate "2021.01.13"]
[EventType "tourn (corr)"]
[EventRounds "6"]
[EventCountry "GER"]
[SourceTitle "Corr 2024"]
[Source "ChessBase"]
[SourceDate "2023.10.19"]
[SourceVersion "1"]
[SourceVersionDate "2023.10.19"]
[SourceQuality "1"]

1. e4 d6 2. d4 Nf6 3. Bd3 e5 4. c3 Be7 5. Nf3 Nbd7 6. 0-0 0-0 7. Nbd2 c6 8. dxe5 dxe5 9. Nc4 Qc7 10. Nfxe5 Nxe5 11. Bf4 Nfd7 12. Qh5 f6 13. Rad1 b5 14. Ne3 g6 15. Qh6 Re8 16. Bc2 Qb6 17. Bg3 Nf7 18. Bb3 Nf8 19. Bd6 Be6 20. Bxe6 Nxe6 21. Qh3 Neg5 22. Qd7 Rad8 23. Qc7 Bxd6 24. Qxb6 axb6 0-1

[Event "RF-2021-0-00515"]
[Site "LSS email"]
[Date "2021.06.01"]
[Round "?"]
[White "Rocek, Vladimir"]
[Black "Wilshusen, Horst"]
[Result "0-1"]
[WhiteElo "1064"]
[BlackElo "1055"]
[PlyCount "78"]
[EventDate "2021.01.13"]
[EventType "tourn (corr)"]
[EventRounds "6"]
[EventCountry "GER"]
[SourceTitle "Corr 2024"]
[Source "ChessBase"]
[SourceDate "2023.10.19"]
[SourceVersion "1"]
[SourceVersionDate "2023.10.19"]
[SourceQuality "1"]

1. e4 c6 2. d4 d5 3. e5 Bf5 4. Nc3 e6 5. Nce2 Nd7 6. Ng3 Bg6 7. Nf3 Be7 8. Bd3 Bxd3 9. Qxd3 Qc7 10. Be3 h6 11. a3 a5 12. c4 dxc4 13. Qxc4 Nb6 14. Qe2 Nd5 15. 0-0 g5 16. Rac1 g4 17. Nd2 h5 18. Nh1 Nh6 19. Bxh6 Rxh6 20. Ne4 Rg6 21. g3 Kd7 22. Nc3 Rh8 23. Nxd5 exd5 24. f3 f6 25. fxg4 fxe5 26. dxe5 Re6 27. Rf5 hxg4 28. Qxg4 Qd8 29. Nf2 Rg8 30. Qd4 Reg6 31. Rc3 Rg5 32. Rcf3 Rxf5 33. Rxf5 Ke6 34. Rh5 Kd7 35. Ne4 Kc7 36. Nf6 Rf8 37. Qa7 Bxf6 38. exf6 Qxf6 39. Rh7+ Kd6 0-1

[Event "LSS No Engine Cup 210 Preliminary 0"]
[Site "LSS email"]
[Date "2020.11.23"]
[Round "?"]
[White "Rocek, Vladimir"]
[Black "Wuttke, Bodo"]
[Result "0-1"]
[WhiteElo "1355"]
[BlackElo "2054"]
[PlyCount "38"]
[EventDate "2020.11.23"]
[EventType "tourn (corr)"]
[EventRounds "6"]
[EventCountry "GER"]
[SourceTitle "Corr 2022"]
[Source "ChessBase"]
[SourceDate "2021.10.24"]
[SourceVersion "1"]
[SourceVersionDate "2021.10.24"]
[SourceQuality "1"]

1. e4 e6 2. d4 d5 3. e5 c5 4. c3 Bd7 5. a3 Nc6 6. Nf3 Rc8 7. Nbd2 Qb6 8. Nb3 c4 9. Nbd2 f6 10. exf6 Nxf6 11. Be2 Bd6 12. 0-0 0-0 13. Ng5 e5 14. dxe5 Nxe5 15. Ndf3 Neg4 16. h3 Nxf2 17. Rxf2 h6 18. Qc2 Bg3 19. Bd1 Ba4 0-1

[Event "LSS No Engine Cup 205 Preliminary 0"]
[Site "LSS email"]
[Date "2020.07.06"]
[Round "?"]
[White "Rocek, Vladimir"]
[Black "Henke, Simon"]
[Result "0-1"]
[WhiteElo "1348"]
[BlackElo "1995"]
[PlyCount "64"]
[EventDate "2020.07.06"]
[EventType "tourn (corr)"]
[EventRounds "6"]
[EventCountry "GER"]
[SourceTitle "Corr 2022"]
[Source "ChessBase"]
[SourceDate "2021.10.24"]
[SourceVersion "1"]
[SourceVersionDate "2021.10.24"]
[SourceQuality "1"]

1. e4 c6 2. d4 d5 3. e5 c5 4. c3 Nc6 5. Nf3 Bg4 6. Be3 cxd4 7. cxd4 e6 8. Nc3 Nge7 9. Be2 Nf5 10. 0-0 Be7 11. a3 0-0 12. h3 Bh5 13. Nh2 Bxe2 14. Nxe2 Qb6 15. b4 Nxe3 16. fxe3 a5 17. bxa5 Nxa5 18. Rb1 Qc6 19. Qd3 Nc4 20. Rfc1 Rxa3 21. Qc2 Rxe3 22. Nf1 Ra3 23. Rb3 Rfa8 24. Rcb1 Rxb3 25. Qxb3 b6 26. Qc2 b5 27. Qb3 b4 28. Rc1 Ra3 29. Qd1 Qb6 30. Ra1 Rxa1 31. Qxa1 b3 32. Qa8+ Bf8 0-1

[Event "LSS No Engine Cup 205 Preliminary 0"]
[Site "LSS email"]
[Date "2020.07.06"]
[Round "?"]
[White "Sheers, Matthew"]
[Black "Rocek, Vladimir"]
[Result "1-0"]
[WhiteElo "2163"]
[BlackElo "1348"]
[PlyCount "57"]
[EventDate "2020.07.06"]
[EventType "tourn (corr)"]
[EventRounds "6"]
[EventCountry "GER"]
[SourceTitle "Corr 2022"]
[Source "ChessBase"]
[SourceDate "2021.10.24"]
[SourceVersion "1"]
[SourceVersionDate "2021.10.24"]
[SourceQuality "1"]

1. d4 Nf6 2. Nf3 d5 3. e3 Bf5 4. c4 e6 5. Qb3 Qc8 6. Nc3 c6 7. Nh4 Bg6 8. Nxg6 hxg6 9. Bd2 dxc4 10. Bxc4 Nbd7 11. Be2 Nb6 12. e4 Be7 13. Rc1 Qd7 14. Be3 Rh4 15. Bf3 Qc7 16. g3 Rh7 17. 0-0 Kd7 18. Nb5 Qd8 19. d5 Qh8 20. dxc6+ bxc6 21. Rfd1+ Ke8 22. Nc7+ Kf8 23. Nxa8 Rxh2 24. Nxb6 axb6 25. Rxc6 Ne8 26. Qxb6 g5 27. Rc8 g4 28. Rxe8+ Kxe8 29. Qb8+ 1-0

[Event "RF-2020-0-00504"]
[Site "LSS email"]
[Date "2020.07.01"]
[Round "?"]
[White "Rocek, Vladimir"]
[Black "Hickl, Norbert"]
[Result "0-1"]
[WhiteElo "1098"]
[BlackElo "995"]
[PlyCount "42"]
[EventDate "2020.01.26"]
[EventType "tourn (corr)"]
[EventRounds "6"]
[EventCountry "GER"]
[SourceTitle "Corr 2022"]
[Source "ChessBase"]
[SourceDate "2021.10.24"]
[SourceVersion "1"]
[SourceVersionDate "2021.10.24"]
[SourceQuality "1"]

1. e4 e6 2. d4 d5 3. e5 c5 4. c3 Nc6 5. a3 c4 6. b3 Na5 7. bxc4 Nxc4 8. Bxc4 dxc4 9. Qa4+ Bd7 10. Qxc4 Rc8 11. Qd3 Qa5 12. Ne2 Bb5 13. Qe3 Bxe2 14. Qxe2 Rxc3 15. Bd2 Rc1+ 16. Qd1 Rxd1+ 17. Kxd1 Qa4+ 18. Ke1 Qxd4 19. Bc3 Qe4+ 20. Kf1 Bc5 21. Nd2 Qd3+ 0-1

[Event "IECC CL0-2020.00 email"]
[Site "IECC email"]
[Date "2020.06.07"]
[Round "?"]
[White "Chura, Michal"]
[Black "Rocek, Vladimir"]
[Result "1-0"]
[WhiteElo "1157"]
[BlackElo "1109"]
[PlyCount "71"]
[EventDate "2020.02.29"]
[EventType "tourn (corr)"]
[EventRounds "4"]
[SourceTitle "Corr 2022"]
[Source "ChessBase"]
[SourceDate "2021.10.24"]
[SourceVersion "1"]
[SourceVersionDate "2021.10.24"]
[SourceQuality "1"]

1. f4 Nc6 2. Nf3 d6 3. e3 e5 4. fxe5 Nxe5 5. b3 Bg4 6. Be2 Nxf3+ 7. Bxf3 Bxf3 8. Qxf3 Nf6 9. Qxb7 Nd7 10. 0-0 Be7 11. Bb2 0-0 12. Nc3 Nc5 13. Qd5 Bf6 14. Rf3 Rc8 15. Raf1 c6 16. Qh5 g6 17. Qg4 Bg7 18. Rh3 Ne6 19. Ba3 Qe7 20. Ne2 c5 21. Nf4 Ng5 22. Rg3 Ne4 23. Rh3 Ng5 24. Rh4 Qe5 25. Nd3 Qe7 26. Bb2 d5 27. Bxg7 Kxg7 28. Nf4 Qe5 29. Nh3 Nxh3+ 30. Rxh3 Qb2 31. Qg5 Rh8 32. d4 Rcf8 33. Rhf3 cxd4 34. Qe5+ Kg8 35. Rxf7 Rxf7 36. Qe8+ 1-0

[Event "RF-2020-0-00504"]
[Site "LSS email"]
[Date "2020.05.22"]
[Round "?"]
[White "Malyszek, Tomasz"]
[Black "Rocek, Vladimir"]
[Result "1/2-1/2"]
[WhiteElo "967"]
[BlackElo "1098"]
[PlyCount "120"]
[EventDate "2020.01.26"]
[EventType "tourn (corr)"]
[EventRounds "6"]
[EventCountry "GER"]
[SourceTitle "Corr 2022"]
[Source "ChessBase"]
[SourceDate "2021.10.24"]
[SourceVersion "1"]
[SourceVersionDate "2021.10.24"]
[SourceQuality "1"]

1. e4 e5 2. Nf3 Nc6 3. Bc4 Bc5 4. Nc3 Nf6 5. h3 d6 6. a3 a6 7. 0-0 0-0 8. Re1 Nd4 9. d3 Be6 10. Ng5 Bxc4 11. dxc4 Qd7 12. Nd5 Nxd5 13. cxd5 h6 14. Nf3 c6 15. Nxd4 Bxd4 16. c3 Bb6 17. Qh5 f5 18. dxc6 bxc6 19. Be3 c5 20. exf5 Rxf5 21. Qg4 Kh8 22. Rad1 Raf8 23. b4 Qc6 24. bxc5 Bxc5 25. Rf1 Bxe3 26. fxe3 Rxf1+ 27. Rxf1 Rxf1+ 28. Kxf1 Qxc3 29. Qf3 Qc4+ 30. Kf2 Qc2+ 31. Kg3 Qg6+ 32. Kh2 e4 33. Qf8+ Kh7 34. Qa8 Qf5 35. Qxa6 Qe5+ 36. Kg1 d5 37. a4 d4 38. exd4 Qxd4+ 39. Kf1 e3 40. Qe2 Kg6 41. a5 Qa1+ 42. Qe1 Qf6+ 43. Ke2 Qe6 44. Qg3+ Kf7 45. Qxe3 Qa6+ 46. Qd3 Qxa5 47. Qf3+ Kg8 48. Qb3+ Kh7 49. Qc2+ Kh8 50. Qc8+ Kh7 51. Qc2+ Kg8 52. Qc8+ Kf7 53. Qd7+ Kf6 54. Qd6+ Kf7 55. Qd7+ Kg6 56. Qe6+ Kh7 57. Qe4+ Kg8 58. Qe6+ Kh7 59. Qe4+ Kg8 60. Qe8+ Kh7 1/2-1/2

[Event "RF-2020-0-00504"]
[Site "LSS email"]
[Date "2020.05.18"]
[Round "?"]
[White "Rocek, Vladimir"]
[Black "Shim Ng Min, Francis"]
[Result "0-1"]
[WhiteElo "1098"]
[BlackElo "1077"]
[PlyCount "92"]
[EventDate "2020.01.26"]
[EventType "tourn (corr)"]
[EventRounds "6"]
[EventCountry "GER"]
[SourceTitle "Corr 2022"]
[Source "ChessBase"]
[SourceDate "2021.10.24"]
[SourceVersion "1"]
[SourceVersionDate "2021.10.24"]
[SourceQuality "1"]

1. b3 e5 2. Bb2 d6 3. c4 Nf6 4. d4 exd4 5. Bxd4 Be7 6. e3 0-0 7. Nf3 c5 8. Bb2 d5 9. Be2 dxc4 10. Bxc4 Qxd1+ 11. Kxd1 Ne4 12. Ke2 Bf6 13. Bxf6 Nxf6 14. h3 Nc6 15. Nc3 Re8 16. Rhd1 Be6 17. Bxe6 Rxe6 18. Nb5 Re7 19. Nd6 b6 20. Nf5 Rc7 21. Rac1 g6 22. Nd6 Rd7 23. Nc4 Rad8 24. Rxd7 Rxd7 25. Nfe5 Nxe5 26. Nxe5 Re7 27. Nd3 Kf8 28. Rc4 a5 29. Rf4 Nd5 30. Rc4 h5 31. a3 Rb7 32. e4 Nc7 33. Nf4 Nb5 34. Nd5 Nxa3 35. Rc1 Nb5 36. Ke3 Nd4 37. Rc3 Nc6 38. f4 Ne7 39. Nxe7 Kxe7 40. Rd3 Rd7 41. Rc3 Rd4 42. g4 hxg4 43. hxg4 f6 44. Rc4 Rxc4 45. bxc4 Ke6 46. Kd3 g5 0-1

[Event "LSS No Engine Cup 199 Preliminary 0"]
[Site "LSS email"]
[Date "2020.02.11"]
[Round "?"]
[White "Reinecke, Juergen"]
[Black "Rocek, Vladimir"]
[Result "1-0"]
[WhiteElo "1462"]
[BlackElo "1364"]
[PlyCount "89"]
[EventDate "2020.02.11"]
[EventType "tourn (corr)"]
[EventRounds "6"]
[EventCountry "GER"]
[SourceTitle "Corr 2022"]
[Source "ChessBase"]
[SourceDate "2021.10.24"]
[SourceVersion "1"]
[SourceVersionDate "2021.10.24"]
[SourceQuality "1"]

1. e4 e6 2. d4 d5 3. Nd2 Nf6 4. e5 Nfd7 5. Bd3 c5 6. c3 cxd4 7. cxd4 Nc6 8. Ne2 Bb4 9. 0-0 Qb6 10. Nf3 h6 11. a3 Be7 12. b4 a6 13. Be3 0-0 14. Bc2 Re8 15. Qd3 Nf8 16. h3 Bd7 17. Nh2 Nd8 18. Qd2 Bb5 19. Rfc1 Nc6 20. Ng3 Qd8 21. Nf3 Rc8 22. Nh5 Ng6 23. Nf4 Nf8 24. Nh5 Ng6 25. Bxg6 fxg6 26. Nf4 Kf7 27. Qc2 Nxe5 28. Qd1 Nxf3+ 29. Qxf3 Bf6 30. Qg4 Rxc1+ 31. Rxc1 Bg5 32. Qf3 Qf6 33. Rc7+ Re7 34. Rxe7+ Kg8 35. Rxe6 Qf7 36. Qxd5 Bc6 37. Qe5 Bf6 38. Qd6 Bd7 39. Qb8+ Kh7 40. Rd6 Bc6 41. Ne6 Be7 42. Nd8 Qf8 43. Rxc6 bxc6 44. Nxc6 Bd6 45. Qxf8 1-0

[Event "LSS No Engine Cup 199 Preliminary 0"]
[Site "LSS email"]
[Date "2020.02.11"]
[Round "?"]
[White "Verich, Oleg"]
[Black "Rocek, Vladimir"]
[Result "1/2-1/2"]
[WhiteElo "1339"]
[BlackElo "1364"]
[PlyCount "62"]
[EventDate "2020.02.11"]
[EventType "tourn (corr)"]
[EventRounds "6"]
[EventCountry "GER"]
[SourceTitle "Corr 2022"]
[Source "ChessBase"]
[SourceDate "2021.10.24"]
[SourceVersion "1"]
[SourceVersionDate "2021.10.24"]
[SourceQuality "1"]

1. c4 e6 2. Nc3 d5 3. cxd5 exd5 4. d4 c6 5. Nf3 Nf6 6. Bg5 Be7 7. e3 Bf5 8. Be2 Nbd7 9. 0-0 0-0 10. Rc1 h6 11. Bh4 Ne4 12. Bxe7 Qxe7 13. Nd2 Qb4 14. Ndxe4 dxe4 15. Qc2 Nf6 16. a3 Qd6 17. b4 b5 18. Rfd1 a5 19. Qb2 axb4 20. axb4 Nd5 21. Nxd5 Qxd5 22. Rc5 Qe6 23. Ra1 Rfc8 24. Re5 Qd7 25. Ra3 g6 26. Rc5 Qb7 27. g4 Be6 28. h4 Bd5 29. Rcc3 Qe7 30. h5 g5 31. Rc1 Qd7 1/2-1/2

[Event "IECC CL0-2020.00 email"]
[Site "IECC email"]
[Date "2020.02.04"]
[Round "?"]
[White "Csoma, Robert"]
[Black "Rocek, Vladimir"]
[Result "0-1"]
[WhiteElo "1088"]
[BlackElo "1097"]
[PlyCount "170"]
[EventDate "2020.01.01"]
[EventType "tourn (corr)"]
[EventRounds "4"]
[SourceTitle "Corr 2022"]
[Source "ChessBase"]
[SourceDate "2021.10.24"]
[SourceVersion "1"]
[SourceVersionDate "2021.10.24"]
[SourceQuality "1"]

1. c4 b6 2. d4 Bb7 3. Nc3 e6 4. Bf4 d6 5. e3 Nf6 6. h3 Nbd7 7. Nf3 Be7 8. Bd3 h6 9. 0-0 0-0 10. e4 a6 11. e5 dxe5 12. dxe5 Ne8 13. Bc2 f5 14. Nd4 Kf7 15. Qh5+ g6 16. Qxh6 Rg8 17. Bg3 Bg5 18. Qh7+ Rg7 19. Qh8 Nf8 20. Rad1 Qe7 21. h4 Rh7 22. Qxh7+ Nxh7 23. hxg5 Qxg5 24. Nce2 Ng7 25. f4 Qe7 26. a3 Nh5 27. Bf2 Rh8 28. Be3 Qh4 29. Nf3 Qe7 30. Rd2 Rd8 31. Rxd8 Qxd8 32. Rd1 Qe7 33. Ne1 Nf8 34. b4 Qh4 35. Bd3 Qg4 36. Rc1 c5 37. bxc5 bxc5 38. Bxc5 Ng3 39. Nxg3 Qxg3 40. Rb1 Bc6 41. Bd6 Nd7 42. c5 Qxf4 43. Bxa6 Qe4 44. Bd3 Qe3+ 45. Kf1 g5 46. Ra1 g4 47. Ra2 f4 48. a4 f3 49. gxf3 Bxf3 50. a5 Bd5 51. Rf2+ Kg7 52. Rh2 Qf4+ 53. Rf2 Qg3 54. Bb5 Nxe5 55. a6 Qh3+ 56. Ke2 Bc4+ 57. Bxc4 Nxc4 58. Bf8+ Kg6 59. a7 Qe3+ 60. Kf1 Qa3 61. Rf4 Ne3+ 62. Ke2 e5 63. Re4 Nd5 64. Rxg4+ Kf5 65. Rh4 Nf4+ 66. Kd1 Qxa7 67. Rh6 Qa1+ 68. Kd2 Qd4+ 69. Kc1 Qe3+ 70. Kd1 Qe2+ 71. Kc1 Qxe1+ 72. Kc2 Qe2+ 73. Kb3 Qb5+ 74. Ka3 Qa5+ 75. Kb3 e4 76. c6 Qd5+ 77. Ka4 Qd8 78. Bb4 e3 79. Rh7 Qe8 80. Kb5 Qe5+ 81. Ka6 e2 82. c7 Qe6+ 83. Kb7 Qd5+ 84. Kb8 Qb5+ 85. Kc8 Qxb4 0-1

[Event "IECC CL0-2020.00 email"]
[Site "IECC email"]
[Date "2020.02.04"]
[Round "?"]
[White "Rocek, Vladimir"]
[Black "Plastinin, Alexandr"]
[Result "0-1"]
[WhiteElo "1097"]
[BlackElo "915"]
[PlyCount "92"]
[EventDate "2020.01.01"]
[EventType "tourn (corr)"]
[EventRounds "4"]
[SourceTitle "Corr 2022"]
[Source "ChessBase"]
[SourceDate "2021.10.24"]
[SourceVersion "1"]
[SourceVersionDate "2021.10.24"]
[SourceQuality "1"]

1. c4 e5 2. Nc3 Nf6 3. g3 d5 4. cxd5 Nxd5 5. Bg2 c6 6. Nf3 Bd6 7. Ne4 Bc7 8. 0-0 0-0 9. a3 h6 10. d4 exd4 11. Nxd4 Be6 12. Nxe6 fxe6 13. Nc5 Qc8 14. Bh3 Rf6 15. e4 Ne7 16. Qb3 Kh8 17. Nxe6 Nd7 18. Nxc7 Qxc7 19. Bf4 Ne5 20. Rad1 N7g6 21. Rd7 Qb8 22. Rxb7 Qe8 23. Bf5 Nxf4 24. gxf4 Ng6 25. Qg3 Ne7 26. Kh1 c5 27. Bd7 Qf8 28. f5 Rb6 29. Rxb6 axb6 30. Be6 Qf6 31. Qb3 Rb8 32. Qb5 Qe5 33. Qd7 Qxe4+ 34. f3 Qe2 35. Kg1 Qe3+ 36. Rf2 Qg5+ 37. Rg2 Qc1+ 38. Kf2 Qxb2+ 39. Kg3 Qe5+ 40. Kh3 Qf6 41. Qc7 Rf8 42. Rg4 g6 43. Bd7 Nxf5 44. Bxf5 Qxf5 45. Qc6 Qxf3+ 46. Qxf3 Rxf3+ 0-1